00693cam a22001932 4500001001100000005001700011008004100028020003000069040001500099050002300114245012100137250001200258260004500270300001700315650005400332650004700386650003700433700002900470000000204820151217151838.0070402s xx 000 0 eng d a027365540x :cKES 5062/17 aKABUcKABU 0aHF54.56b.B87 200310aBusiness information systems :btechnology, development and management for the e-business /cPaul Bocij ... [et al.] a2nd ed. aHarlow, England :bPrentice Hall,c2003. axxiv, 736 p. 0aBusinessxComputer network resources.@0000151263 0aBusiness information services.@0000178787 0aElectronic commerce.@00001481421 aBocij, Paul.@0000151264